[Event "Stuttgart-chB int"]
[Site "Ditzingen"]
[Date "2016.05.07"]
[Round "6"]
[White "Langer, Helmut"]
[Black "Stuckel, Marc"]
[Result "0-1"]
[WhiteElo "1577"]
[BlackElo "1671"]
[PlyCount "109"]
[EventDate "2016.05.05"]
[EventType "swiss"]
[EventRounds "7"]
[EventCountry "GER"]
[SourceTitle "EXT 2018"]
[Source "ChessBase"]
[SourceDate "2017.10.13"]
[SourceVersion "1"]
[SourceVersionDate "2017.10.13"]
[SourceQuality "1"]

1. e4 c6 2. d4 d5 3. exd5 cxd5 4. Bf4 Qb6 5. b3 Nc6 6. c3 Nf6 7. Bd3 Bg4 8. f3 Bh5 9. Ne2 Nd7 10. Ng3 Bg6 11. Qe2 Bxd3 12. Qxd3 g6 13. 0-0 Bg7 14. Kh1 0-0 15. Qd2 Rfe8 16. Na3 Rad8 17. Nc2 e5 18. dxe5 Ndxe5 19. Be3 Qc7 20. Nd4 Qd7 21. Rad1 Ne7 22. h3 Rc8 23. f4 N5c6 24. f5 Bxd4 25. cxd4 Nxf5 26. Nxf5 gxf5 27. Bh6 Qe6 28. Rf3 Ne7 29. Re1 Qd6 30. Rxe7 Rxe7 31. Qg5+ Qg6 32. Qxe7 Qxh6 33. Rxf5 Qc1+ 34. Kh2 Qc7+ 35. Qxc7 Rxc7 36. Rxd5 Kg7 37. Rg5+ Kf6 38. Rg3 Rd7 39. Rd3 Kf5 40. Kg3 Ke4 41. Rd1 f5 42. d5 f4+ 43. Kf2 Rxd5 44. Rxd5 Kxd5 45. Kf3 Ke5 46. b4 b5 47. g4 fxg3 48. Kxg3 Kd4 49. Kg4 Kc4 50. Kg5 Kxb4 51. h4 Ka3 52. h5 Kxa2 53. Kh6 b4 54. Kxh7 b3 55. Kg8 0-1